00692 2200241 4500001002100000005001700021008004100038020001800079035002500097040001200122082001100134084001900145100002500164245007600189250001100265260004200276300003800318650003900356700001900395850001200414990001200426990001200438INLIS00000000000957720150811094025.0  a979-511-234-1 a0010-081500000001015 aYOPDYOG a071.03 aR 071.03 Jun E aJUNAEDHIE, Kurniawan aEnsiklopedi pers IndonesiacKurniawan Junaedhie; editor, Y. Priyo Utomo aCet. 1 aJakartabGramedia Pustaka Utamac1991 aviii, 300 hlm. :bilus. ;c21 cm. aJurnalisme Indonesia - Ensiklopedi aY. Priyo Utomo aYOPDYOG a17025-B a17026-B